000 00586nam a22001937a 4500
003 OSt
005 20171108205517.0
008 141126b xxu||||| |||| 00| 0 eng d
020 _a9-7899-7002-9778
040 _aLDCLIB
_cLDCLIB
082 _222
_a343.041053
_bUGA
100 _aUganda Revenue Authority
245 _aTaxation Handbook :
_b a guide to taxation in Uganda /
_cUganda Revenue Authority
260 _aKampala, Uganda :
_bFountain Publishers
_c2011
300 _avii, 161 P. ;
_bill. :
_c25 Cm.
650 _aTaxation
650 _aTaxation handbook
942 _2ddc
_cBK
999 _c5956
_d5956